[Event "BL 2016-17"]
[Site "Jenbach"]
[Date "2017.04.21"]
[Round "10"]
[White "Anistratov, Dmitriy"]
[Black "de Francesco, Klaus"]
[Result "0-1"]
[WhiteElo "2292"]
[BlackElo "2227"]
[Annotator "NA"]
[PlyCount "76"]
[EventDate "2017.??.??"]
[EventCountry "AUT"]
[SourceTitle "playchess.com"]
[Source "ChessBase"]
[SourceQuality "1"]
[WhiteTeam "Götzis"]
[BlackTeam "Absam"]
[TimeControl "40/5400+30:1800+30"]

1. Nf3 {[%emt 0:00:00]} d5 {[%emt 0:00:12]} 2. d3 {[%emt 0:00:36]} c5 {[%emt 0:01:35]} 3. Nbd2 {[%emt 0:00:28]} Nc6 {[%emt 0:00:36]} 4. c3 {[%emt 0:00:16]} e6 {[%emt 0:02:07]} 5. e4 {[%emt 0:00:28]} Nge7 {[%emt 0:00:15]} 6. Be2 {[%emt 0:10:50]} g6 {[%emt 0:02:11]} 7. h4 {[%emt 0:02:31]} h6 {[%emt 0:00:20]} 8. Qc2 {[%emt 0:02:09]} Bg7 {[%emt 0:01:02]} 9. Nf1 {[%emt 0:09:50]} b6 {[%emt 0:06:18]} 10. Ng3 {[%emt 0:03:57]} Bb7 {[%emt 0:04:20]} 11. O-O {[%emt 0:09:51]} O-O {[%emt 0:06:39]} 12. Bd2 {[%emt 0:05:06]} f5 {[%emt 0:03:51]} 13. exf5 {[%emt 0:02:52]} Nxf5 {[%emt 0:01:05]} 14. d4 {[%emt 0:09:17]} (14. Nxf5 $15 gxf5 15. h5) 14... cxd4 {[%emt 0:06:37]} 15. Nxf5 {[%emt 0:01:39]} gxf5 $17 {[%emt 0:03:38]} (15... exf5 16. cxd4 Nxd4 17. Nxd4 Bxd4 18. g3) 16. cxd4 {[%emt 0:01:08]} Nxd4 {[%emt 0:02:41]} 17. Nxd4 {[%emt 0:02:56]} Bxd4 {[%emt 0:02:16]} 18. g3 {[%emt 0:17:43]} Qf6 {[%emt 0:04:12]} 19. Rab1 {[%emt 0:01:25]} Rf7 {[%emt 0:02:33]} 20. Kh2 {[%emt 0:02:59]} e5 {[%emt 0:02:14]} 21. Bf3 {[%emt 0:06:34]} e4 {[%emt 0:03:36]} 22. Bh5 {[%emt 0:00:42]} Rg7 {[%emt 0:01:15]} 23. Bf4 {[%emt 0:00:22]} Ba6 {[%emt 0:01:33]} 24. Be2 {[%emt 0:00:25]} Rc8 {[%emt 0:02:11]} 25. Qd2 {[%emt 0:00:08]} Bxe2 {[%emt 0:01:05]} 26. Qxe2 {[%emt 0:00:04]} Be5 {[%emt 0:00:28]} 27. Bxe5 {[%emt 0:01:59]} Qxe5 {[%emt 0:00:07]} 28. Qh5 {[%emt 0:00:45]} Rc2 {[%emt 0:01:36]} 29. Kh1 {[%emt 0:02:55]} e3 {[%emt 0:02:54]} 30. Rbe1 {[%emt 0:02:10]} e2 {[%emt 0:03:57]} 31. Rg1 {[%emt 0:00:28]} Kh7 {[%emt 0:01:27]} 32. f3 {[%emt 0:01:29]} Qe6 {[%emt 0:03:44]} 33. g4 {[%emt 0:01:14]} fxg4 {[%emt 0:03:49]} 34. fxg4 {[%emt 0:00:55]} d4 {[%emt 0:01:48]} 35. Rg3 {[%emt 0:00:36]} d3 {[%emt 0:01:29]} 36. Re3 {[%emt 0:00:40]} Qxe3 {[%emt 0:01:48]} 37. Qf5+ {[%emt 0:00:09]} Kg8 {[%emt 0:00:30]} 38. Qd5+ {[%emt 0:00:10]} Rf7 {[%emt 0:00:26]} 0-1

[Event "BL 2016-17"]
[Site "Germany"]
[Date "2017.03.19"]
[Round "10"]
[White "Koehler, Ronald"]
[Black "L'Ami, Erwin"]
[Result "0-1"]
[WhiteElo "2282"]
[BlackElo "2611"]
[Annotator "TA"]
[PlyCount "66"]
[EventDate "2017.??.??"]
[EventType "team-tourn"]
[EventCountry "GER"]
[SourceTitle "playchess.com"]
[Source "ChessBase"]
[SourceQuality "1"]
[WhiteTeam "Griesheim"]
[BlackTeam "Solingen"]

{[%evp 15,66,2,6,-32,0,0,0,-5,-14,-52,-49,-47,-35,-43,-37,-49,-49,-53,-49,-50,-52,-48,-54,-42,-45,-49,-50,-44,-29,-163,-160,-160,-159,-150,-139,-393,-379,-383,-380,-344,-212,-219,-212,-219,-219,-352,-361,-495,-467,-790,-776,-5373,-31]} 1. d4 f5 2. Nf3 Nf6 3. g3 e6 4. Bg2 d5 5. O-O Bd6 6. c4 O-O 7. b3 b6 8. Ba3 {A90: Dutch Defence: Miscellaneous and Modern Stonewall (with ...Bd6)} Bb7 {LiveBook: 9 Games} 9. c5 $146 (9. cxd5 Nxd5 10. Qd2 Qe7 11. Bxd6 cxd6 12. Rc1 Nd7 13. Nc3 Nxc3 14. Rxc3 Nf6 15. Qb2 Ne4 {½-½ (32) Andreikin,D (2737)-Vallejo Pons,F (2711) Tallinn 2016}) 9... bxc5 10. dxc5 {The position is equal.} Be7 11. Nd4 Qd7 12. f4 Nc6 13. e3 Nxd4 14. exd4 a5 15. Qc2 {[#] Strongly threatening c6!} Ba6 16. Re1 Ne4 17. Nd2 c6 18. Nf3 Bf6 19. Bc1 Rfb8 {[%cal Bf8b8,Bb8b3,Bb3b2][%mdl 32]} 20. Bd2 Qd8 21. Reb1 Be2 {...Bxf3 is the strong threat.} 22. Bxa5 (22. Ne5 $11 {and White has nothing to worry.}) 22... Qxa5 $19 23. Qxe2 Qc3 24. Rd1 {[#]} Rxb3 $1 {[%mdl 512] Hoping for ...Rb2.} 25. Ne5 $2 {[%mdl 8192]} (25. Rac1 $17 {was called for.} Qe3+ 26. Qxe3 Rxe3 27. Rc2) (25. axb3 Rxa1) 25... Bxe5 26. fxe5 Rb2 27. Qd3 {And now Bxe4 would win.} Qxd3 28. Rxd3 Raxa2 29. Rxa2 Rxa2 30. Bxe4 (30. Bf3 {might work better.}) 30... dxe4 {[%cal Bd5e4,Be4e3][%mdl 32] KR-KR} ({Less strong is} 30... fxe4 31. Rb3 $19) 31. Rb3 g5 {Black is clearly winning.} 32. Rb6 (32. Re3 $142 Rd2 33. g4) 32... e3 {aiming for ...Ra1+.} 33. Rxc6 Ra1+ 0-1

[Event "BL 2016-17"]
[Site "Germany"]
[Date "2017.03.19"]
[Round "10"]
[White "Unzicker, Ferdinand"]
[Black "Loxine, Jakov"]
[Result "1/2-1/2"]
[WhiteElo "2280"]
[BlackElo "2406"]
[Annotator "TA"]
[PlyCount "99"]
[EventDate "2017.??.??"]
[EventType "team-tourn"]
[EventCountry "GER"]
[SourceTitle "playchess.com"]
[Source "ChessBase"]
[SourceQuality "1"]
[WhiteTeam "Bayern München"]
[BlackTeam "TU Dresden"]

{[%evp 17,99,55,54,41,58,52,51,47,64,22,36,28,72,76,80,85,97,96,128,127,128,106,102,95,127,125,122,122,125,117,118,124,119,96,141,106,129,48,48,43,48,48,56,56,56,56,56,56,56,56,65,54,58,57,61,51,62,51,54,51,76,18,91,66,66,66,66,66,66,66,66,66,66,66,66,0,66,66,66,66,66,66,66,66]} 1. d4 Nf6 2. c4 g6 3. Nc3 Bg7 4. e4 d6 5. f3 O-O 6. Be3 Nbd7 7. Qd2 c5 8. Nge2 a6 9. dxc5 dxc5 10. Rd1 {E81: King's Indian: Sämisch: 6th move deviations (including 6 Be3 c6)} Qc7 11. Nf4 e6 12. Nd3 b6 (12... Nh5 13. Be2 b6 14. Nf2 Rd8 15. Bg5 Re8 16. O-O Ne5 17. Qd6 Ra7 {1-0 (46) Sjugirov,S (2643)-Fedoseev,V (2668) Martuni 2014}) 13. Be2 Bb7 14. Bf4 e5 15. Be3 $36 {[%mdl 2048] White is on the roll.} Rfe8 16. O-O Nf8 $146 (16... Rac8 17. Rb1 Bf8 {0-1 (42) Sismanis,A (2194)-Souleidis,G (2435) Rethymno 2009}) 17. Nd5 Bxd5 18. cxd5 Rec8 19. a4 N8d7 20. Rc1 a5 21. b3 Ne8 22. Nb2 Nd6 23. Nc4 Rf8 24. Nxd6 Qxd6 25. Bb5 Ra7 26. Qd3 f5 27. Bxd7 (27. Bd2 $16) 27... Qxd7 28. Rfd1 Qd6 29. Rc2 f4 30. Bf2 Bf6 31. Qb5 Be7 32. Kf1 Kf7 33. Ke2 Rg8 34. Ra2 Rga8 35. Rda1 h5 36. h3 Ra6 37. Rd1 R6a7 38. Be1 h4 39. Qc6 ({Better is} 39. Kf2 $16) 39... g5 (39... Qxc6 $11 {remains equal.} 40. dxc6 Ke6) 40. Qxd6 (40. Qb5 $5 {seems wilder.} Rd8 41. Bc3 Raa8 42. Kf2 Qf6 43. Kg1) 40... Bxd6 41. Kd3 Ke7 42. Kc4 Kd7 43. Kb5 Kc7 44. Rc1 Kb7 45. Rac2 Re8 46. Ra2 Rea8 $1 47. Bc3 {White is slightly better.} Rc8 48. Bd2 Rca8 49. Rca1 Ra6 50. Rc2 1/2-1/2

[Event "BL 2016-17"]
[Site "Jenbach"]
[Date "2017.04.21"]
[Round "10"]
[White "Tober, Gerhard"]
[Black "Kuntner, Reinhard"]
[Result "1/2-1/2"]
[WhiteElo "2260"]
[BlackElo "2021"]
[Annotator "NA"]
[PlyCount "103"]
[EventDate "2017.??.??"]
[EventCountry "AUT"]
[SourceTitle "playchess.com"]
[Source "ChessBase"]
[SourceQuality "1"]
[WhiteTeam "St. Valentin"]
[BlackTeam "Nickelsdorf"]
[TimeControl "40/5400+30:1800+30"]

1. e4 {[%emt 0:00:00]} c5 {[%emt 0:00:08]} 2. c3 {[%emt 0:00:26]} d5 {[%emt 0:00:18]} 3. exd5 {[%emt 0:00:18]} Qxd5 {[%emt 0:00:12]} 4. d4 {[%emt 0:00:37]} Nf6 {[%emt 0:03:18]} 5. Nf3 {[%emt 0:00:48]} cxd4 {[%emt 0:02:53]} 6. cxd4 {[%emt 0:01:32]} e6 {[%emt 0:02:02]} 7. Nc3 {[%emt 0:02:07]} Bb4 {[%emt 0:04:22]} 8. Bd3 {[%emt 0:01:35]} Nc6 {[%emt 0:04:04]} 9. O-O {[%emt 0:00:40]} Qd8 {[%emt 0:01:49]} 10. Qe2 {[%emt 0:32:48]} O-O {[%emt 0:06:06]} 11. Rd1 {[%emt 0:04:46]} Re8 {[%emt 0:07:07]} 12. Bg5 {[%emt 0:03:11]} Be7 {[%emt 0:07:10]} 13. a3 {[%emt 0:00:31]} Nd5 {[%emt 0:07:52]} 14. Bd2 {[%emt 0:10:38]} a6 {[%emt 0:04:37]} 15. Rac1 {[%emt 0:07:10]} Bd6 {[%emt 0:12:14]} 16. Re1 {[%emt 0:04:02]} Bd7 {[%emt 0:01:49]} 17. Qe4 {[%emt 0:04:02]} ({White should play} 17. Ng5 $16 Nf6 18. Nce4 Nxe4 19. Bxe4 (19. Qxe4 f5 20. Qf3 Qf6 $11)) 17... f5 {[%emt 0:00:31]} 18. Qe2 {[%emt 0:00:54]} h6 {[%emt 0:07:19]} 19. Nxd5 {[%emt 0:01:57]} exd5 {[%emt 0:00:06]} 20. Qd1 {[%emt 0:01:48]} Rxe1+ {[%emt 0:05:18]} 21. Bxe1 {[%emt 0:00:26]} Bf4 {[%emt 0:02:47]} 22. Rc2 {[%emt 0:05:13]} Qb6 {[%emt 0:02:52]} 23. Bc3 {[%emt 0:00:27]} Re8 {[%emt 0:03:45]} 24. Re2 {[%emt 0:00:56]} Rxe2 {[%emt 0:02:50]} 25. Qxe2 {[%emt 0:00:13]} Qc7 {[%emt 0:01:05]} 26. g3 {[%emt 0:01:16]} Bd6 {[%emt 0:00:10]} 27. Nh4 {[%emt 0:01:07]} Ne7 {[%emt 0:01:31]} 28. Qh5 {[%emt 0:04:04]} Bxa3 {[%emt 0:04:31]} 29. Nxf5 {[%emt 0:01:14]} Nxf5 {[%emt 0:01:07]} 30. Bxf5 {[%emt 0:00:10]} Be7 {[%emt 0:01:53]} 31. Bc2 {[%emt 0:03:05]} Qd6 {[%emt 0:00:50]} 32. Bb4 {[%emt 0:01:36]} Qe6 {[%emt 0:02:57]} 33. Bxe7 {[%emt 0:00:28]} Qe1+ {[%emt 0:00:09]} 34. Kg2 {[%emt 0:00:13]} Qxe7 {[%emt 0:00:03]} 35. Qxd5+ {[%emt 0:00:35]} Kh8 {[%emt 0:00:26]} 36. Qf3 {[%emt 0:03:11]} Qd6 {[%emt 0:01:38]} 37. d5 {[%emt 0:00:38]} b5 {[%emt 0:00:26]} 38. h4 {[%emt 0:01:22]} a5 {[%emt 0:00:07]} 39. Qe4 {[%emt 0:01:22]} Kg8 {[%emt 0:00:05]} 40. h5 {[%emt 0:00:00]} a4 {[%emt 0:00:38]} 41. Qh7+ {[%emt 0:13:31]} Kf7 {[%emt 0:01:42]} 42. Bg6+ {[%emt 0:03:36]} Kf6 {[%emt 0:00:10]} 43. Be4 {[%emt 0:00:54]} Qe5 {[%emt 0:03:06]} 44. Qg6+ {[%emt 0:02:15]} Ke7 {[%emt 0:00:08]} 45. d6+ {[%emt 0:00:52]} Kf8 {[%emt 0:00:38]} 46. g4 {[%emt 0:07:59]} Qxb2 {[%emt 0:02:24]} 47. Bf5 {[%emt 0:01:12]} Bc6+ {[%emt 0:07:08]} 48. Be4 $11 {[%emt 0:00:05]} Bd7 {[%emt 0:09:43]} 49. Qh7 {[%emt 0:00:33]} Qb3 {[%emt 0:00:53]} 50. Bf3 {[%emt 0:02:36]} Qb2 51. Bd5 Qf6 52. Qg8# {Qxd6 Qxg7+} 1/2-1/2

[Event "BL 2016-17"]
[Site "Jenbach"]
[Date "2017.04.21"]
[Round "10"]
[White "Theuretzbacher, Klaus"]
[Black "Pinter, Erik"]
[Result "0-1"]
[WhiteElo "2249"]
[BlackElo "2384"]
[Annotator "NA"]
[PlyCount "86"]
[EventDate "2017.??.??"]
[EventCountry "AUT"]
[SourceTitle "playchess.com"]
[Source "ChessBase"]
[SourceQuality "1"]
[WhiteTeam "St. Valentin"]
[BlackTeam "Nickelsdorf"]
[TimeControl "40/5400+30:1800+30"]

1. e4 {[%emt 0:00:00]} c5 {[%emt 0:00:10]} 2. b4 {[%emt 0:00:00]} cxb4 {[%emt 0:00:25]} 3. a3 {[%emt 0:00:00]} e6 {[%emt 0:00:17]} 4. Nf3 {[%emt 0:07:32]} Nf6 {[%emt 0:09:40]} 5. e5 {[%emt 0:02:15]} Nd5 {[%emt 0:00:07]} 6. axb4 {[%emt 0:00:41]} Bxb4 {[%emt 0:02:27]} 7. c3 {[%emt 0:00:11]} Be7 {[%emt 0:00:24]} 8. d4 {[%emt 0:00:09]} d6 {[%emt 0:03:04]} 9. c4 {[%emt 0:09:29]} Nc7 {[%emt 0:09:41]} 10. exd6 {[%emt 0:03:49]} Bxd6 {[%emt 0:06:04]} 11. Nc3 {[%emt 0:02:19]} Bb4 {[%emt 0:07:19]} 12. Qb3 {[%emt 0:03:36]} Nc6 {[%emt 0:00:47]} 13. Be2 {[%emt 0:01:01]} b5 {[%emt 0:17:21]} 14. O-O {[%emt 0:05:09]} bxc4 {[%emt 0:00:20]} 15. Qxc4 {[%emt 0:00:53]} Bb7 {[%emt 0:01:30]} 16. Rb1 {[%emt 0:05:05]} a5 $17 {[%emt 0:01:18]} 17. Rd1 {[%emt 0:00:38]} O-O {[%emt 0:21:07]} 18. Bg5 {[%emt 0:28:20]} Qe8 {[%emt 0:01:53]} 19. Ne4 {[%emt 0:00:58]} Ba6 {[%emt 0:05:28]} 20. Qa2 {[%emt 0:00:24]} Bxe2 {[%emt 0:00:39]} 21. Qxe2 {[%emt 0:00:01]} f6 {[%emt 0:00:22]} 22. Bf4 {[%emt 0:02:29]} Nd5 {[%emt 0:00:27]} 23. Bd2 {[%emt 0:02:18]} Rd8 {[%emt 0:04:06]} 24. Qc4 {[%emt 0:02:26]} Kh8 {[%emt 0:02:10]} 25. Nc5 {[%emt 0:00:46]} Bxc5 {[%emt 0:00:46]} 26. dxc5 {[%emt 0:01:20]} e5 {[%emt 0:01:29]} 27. Rb5 {[%emt 0:11:47]} Ndb4 {[%emt 0:00:38]} 28. Re1 {[%emt 0:02:36]} Qd7 {[%emt 0:02:36]} 29. Rb6 {[%emt 0:03:27]} Qd3 {[%emt 0:01:17]} 30. Qg4 {[%emt 0:01:06]} Nd4 {[%emt 0:00:52]} 31. Bxb4 {[%emt 0:00:52]} axb4 {[%emt 0:00:04]} 32. Nxd4 {[%emt 0:01:10]} Rxd4 {[%emt 0:00:07]} 33. Qe6 {[%emt 0:00:16]} Qc3 {[%emt 0:00:32]} 34. Rf1 {[%emt 0:01:36]} Qxc5 {[%emt 0:00:02]} 35. Rc6 {[%emt 0:00:34]} Qa7 {[%emt 0:00:58]} 36. Ra6 {[%emt 0:00:19]} Qc7 {[%emt 0:01:04]} 37. Rfa1 {[%emt 0:00:17]} Rfd8 {[%emt 0:00:35]} 38. g3 {[%emt 0:02:28]} Qd7 {[%emt 0:00:01]} 39. Qb3 {[%emt 0:00:31]} Rd1+ {[%emt 0:00:42]} 40. Kg2 {[%emt 0:00:00]} Qb7+ {[%emt 0:00:35]} 41. Qf3 {[%emt 0:04:12]} Qxf3+ {[%emt 0:02:13]} 42. Kxf3 {[%emt 0:03:16]} Rxa1 {[%emt 0:01:19]} 43. Rxa1 {[%emt 0:00:41]} b3 {[%emt 0:00:05]} 0-1

[Event "BL 2016-17"]
[Site "Germany"]
[Date "2017.03.19"]
[Round "10"]
[White "Kraemer, Enrico"]
[Black "Markgraf, Alexander"]
[Result "1/2-1/2"]
[WhiteElo "2224"]
[BlackElo "2509"]
[Annotator "TA"]
[PlyCount "91"]
[EventDate "2017.??.??"]
[EventType "team-tourn"]
[EventCountry "GER"]
[SourceTitle "playchess.com"]
[Source "ChessBase"]
[SourceQuality "1"]
[WhiteTeam "Speyer-Schwegenheim"]
[BlackTeam "Werder Bremen"]

{[%evp 10,91,43,29,30,-38,-35,-35,-19,-16,-9,-23,0,0,-5,0,-6,5,5,-23,-4,-16,-25,-20,0,0,16,0,0,-8,-6,-6,0,-57,-62,-84,-50,-65,-65,-66,-66,-58,-58,-62,-65,-64,-66,-56,-57,-66,-58,-66,-64,-85,-51,-74,-38,-39,-33,-34,-19,-67,-46,-122,-113,-215,-201,-216,-201,-214,-233,-213,-184,-203,-193,-190,-173,-184,0,0,0,0,0,-29987]} 1. d4 f5 2. Bg5 g6 3. Nc3 Bg7 4. h4 d5 5. Qd2 c6 {A80: Dutch Defence: Unusual White second moves} 6. e3 {LiveBook: 3 Games} Nd7 7. h5 $146 ({White should play} 7. Nf3 $11) (7. f3 Ngf6 8. Bf4 O-O 9. O-O-O Nh5 10. Bh2 e5 11. g4 fxg4 12. fxg4 Nhf6 13. Be2 exd4 14. exd4 {1-0 (38) Arngrimsson,D (2366)-Narciso Dublan,M (2523) La Massana 2014}) 7... h6 $1 $15 {[%cal Rh6g5] Black is slightly better.} 8. Bf4 g5 9. Bg3 e5 10. dxe5 Nxe5 11. O-O-O Qe7 12. Nf3 Nxf3 13. gxf3 Nf6 14. f4 g4 15. Bh4 Qb4 16. a3 Qb6 17. Na4 Qc7 18. Bxf6 Bxf6 19. Nc5 $1 {[%cal Ba4c5,Bc5b3,Bb3d4][%mdl 32]} Qe7 $36 {[%mdl 2048] Black is more active.} 20. Nb3 Bd7 21. Kb1 (21. c4 $11) 21... O-O-O 22. Nd4 Bg7 23. Bd3 Rhf8 {...c5 is the strong threat.} ({Much weaker is} 23... Bxd4 24. exd4 Rhe8 25. Rde1 $11) 24. c3 c5 25. Ne2 $1 Kb8 26. Ng3 Be6 27. Rhe1 Qf7 28. Qe2 Rd6 29. Rc1 Rb6 {Hoping for ...c4.} 30. Ka1 Qd7 31. Qc2 Ka8 32. Rb1 Rf6 33. Red1 Rf7 34. Rd2 Rf8 35. Be2 d4 36. c4 ({Better is} 36. exd4 $1 $15 cxd4 37. c4) 36... Qf7 37. Bd3 (37. Ka2 $17) 37... dxe3 $19 38. fxe3 {[%cal Bf2e3,Be3e4,Be4f5][%mdl 32]} a6 39. Ka2 Rd8 40. b3 {[#]} Rbd6 $1 41. Rbd1 Qf6 {White must now prevent ...Rxd3!} 42. e4 {Threatens to win with e5.} Qc3 {Strongly threatening ...Qxc2+.} 43. Qb1 {[#]} b5 $1 {[%mdl 512]} (43... Qd4 $1 $19 44. exf5 Qxf4 45. fxe6 (45. Ne2 $2 Qe3 46. Nc1 Bxf5 $19) 45... Qxg3) 44. Ne2 $11 {The position is equal.} (44. cxb5 Rxd3) 44... Qa5 45. exf5 bxc4 $1 46. Be4+ $2 {[%mdl 40960] An unexpected result.} (46. fxe6 $11 cxd3 47. e7) 1/2-1/2

[Event "BL 2016-17"]
[Site "Jenbach"]
[Date "2017.04.21"]
[Round "10"]
[White "Steiner, Adam"]
[Black "Mesaros, Florian"]
[Result "0-1"]
[WhiteElo "2220"]
[BlackElo "2382"]
[Annotator "NA"]
[PlyCount "74"]
[EventDate "2017.??.??"]
[EventCountry "AUT"]
[SourceTitle "playchess.com"]
[Source "ChessBase"]
[SourceQuality "1"]
[WhiteTeam "Wien-SK Ottakring"]
[BlackTeam "Wulkaprodersdorf"]
[TimeControl "40/5400+30:1800+30"]

1. e4 {[%emt 0:00:00]} e5 {[%emt 0:00:14]} 2. f4 {[%emt 0:00:00]} d5 {[%emt 0:01:00]} 3. exd5 {[%emt 0:00:00]} exf4 {[%emt 0:00:08]} 4. Nf3 {[%emt 0:00:18]} Ne7 {[%emt 0:14:18]} 5. Be2 {[%emt 0:08:51]} Nxd5 {[%emt 0:00:41]} 6. c4 {[%emt 0:00:08]} Nf6 {[%emt 0:01:31]} 7. d4 {[%emt 0:00:39]} Bd6 {[%emt 0:03:07]} 8. c5 {[%emt 0:00:36]} Be7 {[%emt 0:00:40]} 9. Bxf4 {[%emt 0:00:07]} b6 {[%emt 0:09:19]} 10. Nc3 {[%emt 0:12:46]} O-O {[%emt 0:03:37]} 11. Ne5 {[%emt 0:05:33]} bxc5 {[%emt 0:11:05]} 12. dxc5 {[%emt 0:05:26]} (12. Bf3 $11 cxd4 13. Bxa8 dxc3 14. Qxd8 (14. bxc3 Nbd7 15. Bf3 Bc5 $15) 14... Rxd8 15. bxc3) 12... Bb7 {[%emt 0:06:35]} 13. Qb3 {[%emt 0:10:11]} (13. Qxd8 $11 {remains equal.} Rxd8 14. Bc4) 13... Bxg2 {[%emt 0:06:36]} 14. Rg1 {[%emt 0:00:01]} Qd4 {[%emt 0:01:38]} 15. Rxg2 {[%emt 0:05:29]} Qxf4 {[%emt 0:00:17]} 16. Nxf7 $17 {[%emt 0:20:06]} Rxf7 {[%emt 0:15:34]} 17. Rf2 {[%emt 0:01:46]} Qh4 {[%emt 0:02:57]} 18. Bc4 {[%emt 0:04:00]} Nbd7 {[%emt 0:05:55]} 19. Bxf7+ {[%emt 0:00:16]} Kf8 {[%emt 0:01:38]} 20. Qc4 {[%emt 0:01:33]} Qg5 {[%emt 0:00:19]} 21. Bd5 {[%emt 0:12:28]} Re8 {[%emt 0:02:49]} 22. Kd1 {[%emt 0:07:22]} Bxc5 {[%emt 0:02:24]} 23. Rf1 {[%emt 0:01:05]} Qh5+ {[%emt 0:00:27]} 24. Bf3 {[%emt 0:00:21]} Qxh2 {[%emt 0:00:25]} 25. Rc1 {[%emt 0:01:32]} Qxb2 {[%emt 0:03:45]} 26. Bh5 {[%emt 0:01:40]} Re7 {[%emt 0:01:36]} 27. Nd5 {[%emt 0:00:16]} Qh2 {[%emt 0:02:11]} 28. Nxf6 {[%emt 0:00:42]} gxf6 {[%emt 0:00:32]} 29. Bf3 {[%emt 0:00:39]} Be3 {[%emt 0:02:16]} 30. Rc2 {[%emt 0:00:20]} Qd6+ {[%emt 0:00:01]} 31. Qd5 {[%emt 0:00:01]} Qb4 {[%emt 0:00:31]} 32. Qc4 {[%emt 0:01:14]} Qd6+ {[%emt 0:01:32]} 33. Qd5 {[%emt 0:00:02]} Qb6 {[%emt 0:00:06]} 34. Rc6 {[%emt 0:00:51]} Qb1+ {[%emt 0:00:26]} 35. Ke2 {[%emt 0:00:05]} Bf4+ {[%emt 0:00:43]} 36. Re6 {[%emt 0:01:00]} Rxe6+ {[%emt 0:00:07]} 37. Qxe6 {[%emt 0:00:08]} Qc2+ {[%emt 0:00:04]} 0-1

[Event "BL 2016-17"]
[Site "Jenbach"]
[Date "2017.04.21"]
[Round "10"]
[White "Koffler, Daniel"]
[Black "Heimberger, Reinhard"]
[Result "1/2-1/2"]
[WhiteElo "2126"]
[BlackElo "2285"]
[Annotator "NA"]
[PlyCount "109"]
[EventDate "2017.??.??"]
[EventCountry "AUT"]
[SourceTitle "playchess.com"]
[Source "ChessBase"]
[SourceQuality "1"]
[WhiteTeam "Nickelsdorf"]
[BlackTeam "St. Valentin"]
[TimeControl "40/5400+30:1800+30"]

1. d4 {[%emt 0:00:00]} d5 {[%emt 0:00:23]} 2. c4 {[%emt 0:00:00]} e6 {[%emt 0:00:11]} 3. Nc3 {[%emt 0:00:08]} Nf6 {[%emt 0:00:06]} 4. cxd5 {[%emt 0:00:18]} exd5 {[%emt 0:00:08]} 5. Bg5 {[%emt 0:00:08]} c6 {[%emt 0:00:30]} 6. e3 {[%emt 0:00:51]} Qb6 {[%emt 0:01:57] LiveBook: 115 Games} 7. Qb3 {[%emt 0:09:13] D35: Queen's Gambit Declined: Exchange Variation} (7. Qd2 Bf5 8. Bxf6 gxf6 9. Bd3 Bg6 10. Nge2 Bd6 11. O-O Nd7 12. Rab1 Qc7 13. Kh1 a6 14. a4 a5 15. f4 Bxd3 16. Qxd3 {½-½ (63) Berkes,F (2658)-Jakubowski,K (2530) Arad 2014}) 7... Qxb3 {[%emt 0:09:10]} 8. axb3 {[%emt 0:00:06]} Ne4 $146 {[%emt 0:00:31]} (8... Nbd7 9. Bd3 Bb4 10. Nge2 h6 11. Bh4 Ke7 12. f3 Re8 13. Bf2 Nb6 14. O-O Be6 {1-0 (38) Petran,P (2440)-Rabiega,R (2455) Austria 1994}) 9. Bf4 {[%emt 0:04:20]} Bb4 {[%emt 0:07:15]} 10. Nge2 {[%emt 0:00:16]} a5 {[%emt 0:05:47]} 11. f3 {[%emt 0:00:50]} Nf6 {[%emt 0:09:37]} 12. Ng3 {[%emt 0:03:28]} O-O {[%emt 0:04:58]} 13. Kf2 {[%emt 0:04:14]} g6 {[%emt 0:08:30]} 14. Bd3 {[%emt 0:03:27]} Be6 {[%emt 0:04:55]} 15. Nge2 {[%emt 0:01:20]} Nh5 {[%emt 0:03:15]} 16. Bh6 {[%emt 0:01:54]} Re8 {[%emt 0:00:33]} 17. g4 {[%emt 0:08:52]} Ng7 {[%emt 0:01:45]} 18. Ng3 {[%emt 0:03:02]} Nd7 {[%emt 0:00:45]} 19. h4 {[%emt 0:02:01]} Bd6 {[%emt 0:09:22]} (19... f6 $14) 20. Nce2 {[%emt 0:02:13]} f6 {[%emt 0:09:28]} 21. Rag1 {[%emt 0:06:11]} a4 {[%emt 0:00:40]} 22. bxa4 {[%emt 0:00:20]} Rxa4 {[%emt 0:00:01]} 23. h5 $14 {[%emt 0:27:51]} g5 {[%emt 0:01:45]} 24. f4 {[%emt 0:00:08]} Be7 {[%emt 0:01:17]} 25. Nf5 {[%emt 0:00:59]} Bxf5 {[%emt 0:01:31]} 26. gxf5 {[%emt 0:00:21]} Kf7 {[%emt 0:07:46]} 27. fxg5 {[%emt 0:00:55]} fxg5 {[%emt 0:00:04]} 28. Bxg5 {[%emt 0:00:10]} Bxg5 {[%emt 0:01:50]} 29. Rxg5 {[%emt 0:00:01]} Rea8 {[%emt 0:00:50]} 30. h6 {[%emt 0:05:20]} Ne8 {[%emt 0:00:08]} 31. Nc3 {[%emt 0:00:36]} Rb4 {[%emt 0:00:27]} 32. Rb1 {[%emt 0:00:08]} Ndf6 {[%emt 0:02:55]} 33. Kf3 {[%emt 0:00:21]} Ra5 {[%emt 0:03:47]} 34. Rg2 {[%emt 0:01:43]} c5 {[%emt 0:00:41]} 35. dxc5 {[%emt 0:01:38]} Rxc5 {[%emt 0:00:41]} 36. Ra1 {[%emt 0:00:42]} Rh4 {[%emt 0:01:12]} 37. Ra7 {[%emt 0:03:10]} Rc7 {[%emt 0:00:03]} 38. Ra5 {[%emt 0:01:09]} Rxh6 {[%emt 0:02:16]} 39. Nxd5 {[%emt 0:00:16]} Nxd5 {[%emt 0:01:11]} 40. Rxd5 {[%emt 0:00:00]} Rh3+ {[%emt 0:00:45]} 41. Rg3 {[%emt 0:02:07]} Rh2 {[%emt 0:00:10]} 42. Rb5 {[%emt 0:00:46]} Rd2 {[%emt 0:01:08]} 43. Rb3 {[%emt 0:03:00]} Nd6 {[%emt 0:02:19]} 44. e4 {[%emt 0:01:57]} Kf6 {[%emt 0:06:13]} 45. Ke3 {[%emt 0:00:16]} Rh2 {[%emt 0:00:05]} 46. Kd4 {[%emt 0:01:33]} Nf7 {[%emt 0:00:46]} 47. Rb6+ {[%emt 0:06:19]} Rc6 {[%emt 0:00:04]} 48. Rxb7 {[%emt 0:00:20]} Ne5 {[%emt 0:00:05]} 49. Ke3 {[%emt 0:03:59]} h5 {[%emt 0:08:33]} 50. Bb5 {[%emt 0:10:12]} Rd6 {[%emt 0:01:39]} 51. Rh7 {[%emt 0:04:14]} h4 {[%emt 0:00:06]} 52. Rh6+ {[%emt 0:01:03]} Kf7 {[%emt 0:00:06]} 53. Rh7+ {[%emt 0:04:02]} Kf6 {[%emt 0:00:24]} 54. Rh6+ {[%emt 0:00:06]} Kf7 {[%emt 0:00:03]} 55. Rh7+ 1/2-1/2